000 00354nam a2200145Ia 4500
008 150201s1994 xx 000 0 und d
082 _a617.5
_bC1994G
100 _aGUPTA,ROSHAN LAL
245 _aCASE NOTES IN SURGERY
250 _a1ST
260 _bJAYPEE MEDICAL PUBLISHER
_aDELHI
_c1994
300 _a1-274
650 _aSURGERY
942 _2ddc
_cBK
_01
999 _c3116
_d3116